000 00382pab a2200157 454500
008 180718b2007 xxu||||| |||| 00| 0 eng d
100 _aAdam, Klaus
245 _aExperimental evidence on the persistence of output and inflation
260 _c2007
300 _ap.603-36.
362 _aApr
650 _aInflation
773 _aEconomic Journal
908 _aN
909 _a74516
999 _c74516
_d74516